[Event "Pardubice rapid op 34th"]
[Site "Pardubice"]
[Date "2023.07.20"]
[Round "5"]
[White "Aggarwal, Vansh"]
[Black "Mohota, Nisha"]
[Result "1-0"]
[WhiteElo "1908"]
[BlackElo "2163"]
[PlyCount "101"]
[EventDate "2023.07.19"]
[EventType "swiss (rapid)"]
[EventRounds "9"]
[EventCountry "CZE"]
[SourceTitle "CBM 215 Extra"]
[Source "ChessBase"]
[SourceDate "2023.09.30"]
[SourceVersion "1"]
[SourceVersionDate "2023.09.30"]
[SourceQuality "1"]

1. e4 Nf6 2. e5 Nd5 3. Nf3 d6 4. d4 Bg4 5. Be2 e6 6. 0-0 Be7 7. c4 Nb6 8. b3 0-0 9. Bb2 d5 10. Nbd2 Nc6 11. Re1 Bb4 12. c5 Nd7 13. a3 Bxd2 14. Nxd2 Bf5 15. Bg4 Qg5 16. Bxf5 exf5 17. b4 Nd8 18. Nf1 Ne6 19. a4 c6 20. Ra3 f4 21. h3 f6 22. Nh2 fxe5 23. dxe5 a5 24. b5 Ndxc5 25. Rf3 Rfd8 26. Nf1 cxb5 27. axb5 b6 28. Nd2 Ne4 29. Rd3 N6c5 30. Rd4 Nxd2 31. Rxd2 f3 32. g3 Ne4 33. Rxd5 Nxg3 34. Rxd8+ Rxd8 35. Qxf3 Qd2 36. Bc3 Qd3 37. Qxg3 Qxg3+ 38. fxg3 Rd3 39. Ba1 Rxg3+ 40. Kh2 Ra3 41. e6 Kf8 42. e7+ Ke8 43. Bxg7 Rd3 44. Bf6 Rd6 45. Bg5 Rd5 46. h4 h6 47. Bxh6 Rxb5 48. Bg5 a4 49. Rf1 Re5 50. Rf8+ Kd7 51. Rd8+ 1-0

[Event "IND-ch (Women) 49th"]
[Site "Ahmedabad"]
[Date "2023.07.09"]
[Round "10"]
[White "Mohota, Nisha"]
[Black "Rindhiya, V."]
[Result "1-0"]
[WhiteElo "2163"]
[BlackElo "1916"]
[PlyCount "117"]
[EventDate "2023.06.30"]
[EventType "swiss"]
[EventRounds "11"]
[EventCountry "IND"]
[SourceTitle "CBM 215 Extra"]
[Source "ChessBase"]
[SourceDate "2023.09.30"]
[SourceVersion "1"]
[SourceVersionDate "2023.09.30"]
[SourceQuality "1"]

1. e4 e5 2. Nf3 Nc6 3. Bb5 a6 4. Ba4 Nf6 5. 0-0 Be7 6. Re1 b5 7. Bb3 0-0 8. a4 Bb7 9. d3 d6 10. Bd2 Nb8 11. Na3 Qd7 12. c4 bxc4 13. Nxc4 Qd8 14. Na5 Qc8 15. Ng5 Bc6 16. f4 h6 17. Nf3 exf4 18. Nh4 d5 19. Rc1 Bd7 20. e5 Bg4 21. Nf3 Nfd7 22. Bxd5 c6 23. d4 Ra7 24. Bxc6 Rc7 25. Be4 Rd8 26. Nb7 Re8 27. Bxf4 Nf8 28. h3 Bh5 29. Rxc7 Qxc7 30. Qc1 Qd7 31. Nc5 Bxc5 32. dxc5 Qxa4 33. Qc2 Qa5 34. Bd2 Qc7 35. g4 Bg6 36. b4 Nc6 37. Bc3 Qb7 38. Nh4 Nxb4 39. Bxb7 Nxc2 40. Rc1 Na3 41. Nxg6 Nxg6 42. Bxa6 Ne7 43. Bb4 Ra8 44. c6 Nd5 45. Bb7 Ra4 46. Bxa3 Rxa3 47. c7 Nxc7 48. Rxc7 Rxh3 49. Kf2 Rh2+ 50. Bg2 Rh4 51. Rc8+ Kh7 52. Be4+ f5 53. Bxf5+ g6 54. Kg3 Rh1 55. Rc7+ Kg8 56. Bxg6 Re1 57. e6 Kf8 58. Rf7+ Kg8 59. e7 1-0

[Event "IND-ch (Women) 49th"]
[Site "Ahmedabad"]
[Date "2023.07.03"]
[Round "4"]
[White "Mohota, Nisha"]
[Black "Sherali, Pattnaik"]
[Result "1/2-1/2"]
[WhiteElo "2163"]
[BlackElo "1565"]
[PlyCount "155"]
[EventDate "2023.06.30"]
[EventType "swiss"]
[EventRounds "11"]
[EventCountry "IND"]
[SourceTitle "CBM 215 Extra"]
[Source "ChessBase"]
[SourceDate "2023.09.30"]
[SourceVersion "1"]
[SourceVersionDate "2023.09.30"]
[SourceQuality "1"]

1. d4 Nf6 2. c4 e6 3. Nc3 d5 4. Nf3 Be7 5. Bf4 0-0 6. e3 b6 7. Bd3 c5 8. cxd5 exd5 9. Ne5 Bb7 10. 0-0 Nbd7 11. Qf3 Ne8 12. Bxh7+ Kxh7 13. Qh3+ Kg8 14. Qxd7 Nd6 15. Qg4 cxd4 16. exd4 Re8 17. Rfe1 Bf6 18. Nd7 Ne4 19. Be5 Bxe5 20. Nxe4 Bxh2+ 21. Kxh2 dxe4 22. Ne5 Qxd4 23. f4 Re6 24. Kg3 Qxb2 25. Qe2 Qc3+ 26. Qe3 Rc8 27. Rad1 Qa5 28. Rc1 Rce8 29. Re2 f6 30. Nc4 Qh5 31. Rd2 Bd5 32. Na3 a6 33. Rc7 R6e7 34. Rc1 Bf7 35. Rc6 f5 36. Rxb6 Qg4+ 37. Kf2 Qh4+ 38. Kf1 Rc7 39. Rb1 Rec8 40. Qf2 Rc1+ 41. Rd1 Qh1+ 42. Qg1 Qxg1+ 43. Kxg1 Rxd1+ 44. Rxd1 Bxa2 45. Ra1 Bb3 46. Re1 Rc3 47. Kf2 Ba2 48. Re3 Rxe3 49. Kxe3 Bb3 50. Kd4 a5 51. Nb5 a4 52. Kc3 Kf7 53. Nd4 Kf6 54. Nb5 Bd1 55. Kd2 Bh5 56. Na3 Be8 57. Nc2 Kg6 58. Kc3 Kh5 59. Ne3 Bd7 60. g3 g5 61. fxg5 Kxg5 62. Kc4 Be6+ 63. Kb4 Bb3 64. Kc3 f4 65. gxf4+ Kxf4 66. Ng2+ Kg3 67. Ne3 Kf3 68. Nf5 Kf4 69. Nd4 Bd1 70. Kd2 Ke5 71. Nb5 Bb3 72. Kc3 e3 73. Kd3 Kf4 74. Nd4 Bd1 75. Ne6+ Ke5 76. Nd4 e2 77. Nxe2 Bxe2+ 78. Kc2 1/2-1/2

[Event "Asian Continental (Women) op 20th"]
[Site "Almaty"]
[Date "2023.06.07"]
[Round "5"]
[White "Abaeva, Aiana"]
[Black "Mohota, Nisha"]
[Result "1/2-1/2"]
[WhiteElo "1712"]
[BlackElo "2185"]
[PlyCount "70"]
[EventDate "2023.06.04"]
[EventType "swiss"]
[EventRounds "9"]
[EventCountry "KAZ"]
[SourceTitle "CBM 214 Extra"]
[Source "ChessBase"]
[SourceDate "2023.07.31"]
[SourceVersion "1"]
[SourceVersionDate "2023.07.31"]
[SourceQuality "1"]

1. e4 c6 2. d4 d5 3. Nc3 dxe4 4. Nxe4 Nf6 5. Nxf6+ exf6 6. c3 Bd6 7. Bd3 0-0 8. Qc2 Re8+ 9. Ne2 h5 10. Be3 Nd7 11. 0-0-0 Nf8 12. Kb1 Be6 13. Nf4 Bxf4 14. Bxf4 Qa5 15. b3 Rad8 16. f3 c5 17. dxc5 Qxc5 18. Rhe1 Qa5 19. Be4 Bc8 20. Kb2 g6 21. Rxd8 Rxd8 22. Rd1 Rxd1 23. Qxd1 Ne6 24. Be3 Qc7 25. g3 b6 26. Qd2 Bb7 27. Bd5 Bxd5 28. Qxd5 h4 29. Bd4 hxg3 30. hxg3 Nxd4 31. Qxd4 Qxg3 32. Qxf6 Qf2+ 33. Kb1 Qe1+ 34. Kb2 Qd2+ 35. Kb1 Qd1+ 1/2-1/2

[Event "Asian Continental (Women) op 20th"]
[Site "Almaty"]
[Date "2023.06.05"]
[Round "2"]
[White "Mohota, Nisha"]
[Black "Gomes, Mary Ann"]
[Result "0-1"]
[WhiteElo "2185"]
[BlackElo "2315"]
[PlyCount "52"]
[EventDate "2023.06.04"]
[EventType "swiss"]
[EventRounds "9"]
[EventCountry "KAZ"]
[SourceTitle "CBM 214 Extra"]
[Source "ChessBase"]
[SourceDate "2023.07.31"]
[SourceVersion "1"]
[SourceVersionDate "2023.07.31"]
[SourceQuality "1"]

1. e4 c5 2. Nf3 d6 3. d4 cxd4 4. Nxd4 Nf6 5. Nc3 a6 6. a3 e5 7. Nf5 d5 8. Bg5 d4 9. Bxf6 gxf6 10. Nb1 Bxf5 11. exf5 Qa5+ 12. c3 Nc6 13. b4 Qd5 14. f3 Rg8 15. Qd3 Bh6 16. c4 Qd7 17. Nd2 Bxd2+ 18. Kxd2 0-0-0 19. g3 e4 20. Qxe4 Rge8 21. Qf4 Re3 22. Bd3 Ne5 23. Be4 Nxc4+ 24. Kc1 d3 25. Kb1 Qd4 26. Ra2 d2 0-1

[Event "Asian Continental blitz (Women) op 20th"]
[Site "Almaty"]
[Date "2023.06.03"]
[Round "2"]
[White "Gomes, Mary Ann"]
[Black "Mohota, Nisha"]
[Result "1-0"]
[WhiteElo "2336"]
[BlackElo "2185"]
[PlyCount "163"]
[EventDate "2023.06.03"]
[EventType "swiss (blitz)"]
[EventRounds "9"]
[EventCountry "KAZ"]
[SourceTitle "CBM 214 Extra"]
[Source "ChessBase"]
[SourceDate "2023.07.31"]
[SourceVersion "1"]
[SourceVersionDate "2023.07.31"]
[SourceQuality "1"]

1. Nf3 d5 2. g3 Nf6 3. Bg2 e6 4. 0-0 Be7 5. b3 0-0 6. Bb2 c5 7. e3 Nc6 8. c4 d4 9. exd4 cxd4 10. Re1 Re8 11. a3 a5 12. d3 Bf8 13. Nbd2 e5 14. Ng5 Bf5 15. Nde4 h6 16. Nxf6+ Qxf6 17. Ne4 Qd8 18. h3 Bg6 19. g4 Qh4 20. Qf3 h5 21. Bc1 hxg4 22. hxg4 Be7 23. Ng3 Qf6 24. Qxf6 Bxf6 25. Be4 Bxe4 26. Nxe4 Be7 27. Bd2 f6 28. c5 g6 29. b4 f5 30. gxf5 gxf5 31. Ng3 Rf8 32. b5 f4 33. bxc6 fxg3 34. fxg3 bxc6 35. Rxe5 Bf6 36. Re6 Rac8 37. Rf1 Kg7 38. g4 Bh4 39. Bh6+ Kg8 40. Bxf8 Rxf8 41. Rg6+ Kh7 42. Rxf8 Kxg6 43. Rc8 Kg5 44. Rxc6 Kxg4 45. Rd6 Kf3 46. c6 Bg3 47. Rd7 Ke3 48. Kg2 Bf4 49. Rf7 Bd6 50. Rf3+ Kd2 51. a4 Kc3 52. Rf6 Be5 53. c7 Bxc7 54. Rc6+ Kxd3 55. Rxc7 Ke2 56. Re7+ Kd3 57. Kf3 Kc3 58. Ke4 d3 59. Rc7+ Kb3 60. Kxd3 Kxa4 61. Rb7 Ka3 62. Kc3 a4 63. Rb1 Ka2 64. Rb4 a3 65. Rg4 Kb1 66. Kb3 Kc1 67. Kxa3 Kc2 68. Rg3 Kd2 69. Kb3 Ke2 70. Kc3 Kf2 71. Rd3 Ke2 72. Kd4 Kf2 73. Ke4 Ke2 74. Rd6 Kf2 75. Rd4 Ke2 76. Rd3 Kf2 77. Re3 Kg2 78. Rf3 Kh2 79. Kf4 Kg2 80. Kg4 Kg1 81. Kg3 Kh1 82. Rf1# 1-0

[Event "Asian Continental blitz (Women) op 20th"]
[Site "Almaty"]
[Date "2023.06.03"]
[Round "6"]
[White "Soumya, Swaminathan"]
[Black "Mohota, Nisha"]
[Result "1-0"]
[WhiteElo "2293"]
[BlackElo "2185"]
[PlyCount "47"]
[EventDate "2023.06.03"]
[EventType "swiss (blitz)"]
[EventRounds "9"]
[EventCountry "KAZ"]
[SourceTitle "CBM 214 Extra"]
[Source "ChessBase"]
[SourceDate "2023.07.31"]
[SourceVersion "1"]
[SourceVersionDate "2023.07.31"]
[SourceQuality "1"]

1. e4 c6 2. d4 d5 3. e5 Bf5 4. c4 e6 5. Nc3 Ne7 6. h3 dxc4 7. Bxc4 Nd5 8. Nge2 Nd7 9. 0-0 N7b6 10. Bd3 Bxd3 11. Qxd3 Be7 12. Ne4 0-0 13. a3 a5 14. Bd2 a4 15. Rac1 Nd7 16. f4 Qb6 17. Kh1 g6 18. g4 c5 19. f5 cxd4 20. f6 Nxe5 21. Qg3 Bd6 22. Qh4 Rfc8 23. Ng5 Nxf6 24. Rxf6 1-0

[Event "Basel Easter op"]
[Site "Basel"]
[Date "2023.04.10"]
[Round "8"]
[White "Ashwath, R."]
[Black "Mohota, Nisha"]
[Result "1-0"]
[WhiteElo "2275"]
[BlackElo "2177"]
[PlyCount "83"]
[EventDate "2023.04.06"]
[EventType "swiss"]
[EventRounds "9"]
[EventCountry "SUI"]
[SourceTitle "EXT 2024"]
[Source "ChessBase"]
[SourceDate "2023.10.10"]
[SourceVersion "1"]
[SourceVersionDate "2023.10.10"]
[SourceQuality "1"]

1. d4 Nf6 2. Nf3 d5 3. c3 e6 4. Bg5 h6 5. Bh4 Be7 6. Nbd2 b6 7. e3 0-0 8. Ne5 Nfd7 9. Bxe7 Qxe7 10. f4 Nxe5 11. fxe5 Qg5 12. Qf3 f6 13. exf6 Rxf6 14. Qg3 Qxg3+ 15. hxg3 Ba6 16. Bxa6 Nxa6 17. a4 c5 18. Nf3 Nc7 19. a5 Rff8 20. Ne5 c4 21. g4 bxa5 22. g5 hxg5 23. Ng6 Rfe8 24. Kd2 Kf7 25. Ne5+ Ke7 26. Rxa5 Kd8 27. Rf1 Kc8 28. Rf7 a6 29. Rc5 Ra7 30. Nc6 Rb7 31. Na5 Ra7 32. Rxg7 Rf8 33. Ke2 Rh8 34. Rxg5 Rf8 35. Rg7 Rh8 36. g4 Re8 37. g5 Rh8 38. g6 Rh2+ 39. Kf3 Rh3+ 40. Kg2 Rh8 41. Rf7 Rg8 42. g7 1-0

[Event "Reykjavik op"]
[Site "Reykjavik"]
[Date "2023.04.02"]
[Round "7"]
[White "Pedersen, Sondre Andre"]
[Black "Mohota, Nisha"]
[Result "0-1"]
[WhiteElo "1674"]
[BlackElo "2177"]
[PlyCount "128"]
[EventDate "2023.03.29"]
[EventType "swiss"]
[EventRounds "9"]
[EventCountry "ISL"]
[SourceTitle "EXT 2024"]
[Source "ChessBase"]
[SourceDate "2023.10.10"]
[SourceVersion "1"]
[SourceVersionDate "2023.10.10"]
[SourceQuality "1"]

1. d4 Nf6 2. c4 e6 3. Nc3 Bb4 4. f3 c5 5. d5 b5 6. e4 d6 7. Bg5 h6 8. Bh4 exd5 9. cxd5 a6 10. a4 bxa4 11. Qxa4+ Bd7 12. Qc2 Qe7 13. Bc4 g5 14. Bf2 Ra7 15. Nge2 Bc8 16. 0-0 Rc7 17. f4 Ng4 18. Rad1 gxf4 19. Nxf4 Nd7 20. Be2 Nxf2 21. Rxf2 c4 22. Kh1 Bc5 23. Rf3 Ne5 24. Rg3 Bf2 25. Rg7 Kf8 26. Nh5 Be3 27. Rf1 Bg5 28. h3 Bd7 29. Bd1 Be8 30. Ne2 Rg8 31. Nd4 Bd7 32. Rxg8+ Kxg8 33. Ng3 Nd3 34. Bh5 Nf4 35. Ngf5 Bxf5 36. Nxf5 Qe5 37. Bf3 Kh7 38. Nxd6 Ng6 39. Nf5 Rb7 40. Qxc4 Ne7 41. Nxe7 Bxe7 42. Qc3 Bd6 43. Qxe5 Bxe5 44. Be2 a5 45. Rb1 Rxb2 46. Rxb2 Bxb2 47. g4 Be5 48. Kg2 Kg6 49. h4 f6 50. Bb5 Kf7 51. Kf3 Ke7 52. g5 fxg5 53. hxg5 hxg5 54. Kg4 Kf6 55. Ba4 Bf4 56. Bb3 Ke5 57. Bc2 Bd2 58. Kf3 Bb4 59. Kg4 Be7 60. Kh5 Kf4 61. Ba4 g4 62. e5 g3 63. d6 g2 64. dxe7 g1Q 0-1

[Event "Reykjavik op"]
[Site "Reykjavik"]
[Date "2023.04.01"]
[Round "5"]
[White "Kukavica, Tony"]
[Black "Mohota, Nisha"]
[Result "0-1"]
[WhiteElo "1981"]
[BlackElo "2177"]
[PlyCount "116"]
[EventDate "2023.03.29"]
[EventType "swiss"]
[EventRounds "9"]
[EventCountry "ISL"]
[SourceTitle "CBM 213 Extra"]
[Source "ChessBase"]
[SourceDate "2023.05.31"]
[SourceVersion "1"]
[SourceVersionDate "2023.05.31"]
[SourceQuality "1"]

1. d4 Nf6 2. c4 e6 3. Bf4 Bb4+ 4. Nd2 0-0 5. e3 Ne4 6. Ngf3 g5 7. Bg3 h5 8. h3 h4 9. Bh2 Qf6 10. Qe2 Qf5 11. a3 Bxd2+ 12. Nxd2 d6 13. f3 Nxd2 14. Qxd2 Nc6 15. Bd3 Qf6 16. 0-0-0 e5 17. d5 Ne7 18. f4 Qg7 19. g3 hxg3 20. Bxg3 Bf5 21. fxg5 Bxd3 22. Qxd3 Qxg5 23. Rhg1 Kh8 24. Rdf1 Qh5 25. e4 Rg8 26. Qf3 Qh6+ 27. Kb1 Rg7 28. Bf2 Rag8 29. Be3 Qh7 30. Rg4 f5 31. exf5 Rf8 32. Qe4 Rxf5 33. Rxf5 Nxf5 34. Rxg7 Kxg7 35. Bxa7 Qxh3 36. Bb8 Nd4 37. Bxc7 Qf1+ 38. Ka2 Qxc4+ 39. Kb1 Qxc7 40. Qg4+ Kf8 41. Qg6 b5 42. Qf6+ Kg8 43. Qg6+ Kh8 44. Qf6+ Kh7 45. Qh4+ Kg6 46. Qg4+ Kf6 47. Qh4+ Kf5 48. Qh3+ Ke4 49. Qg2+ Nf3 50. Qe2+ Kf4 51. Qxb5 Nd2+ 52. Ka2 Qc4+ 53. Qxc4+ Nxc4 54. b3 e4 55. bxc4 e3 56. c5 e2 57. cxd6 e1Q 58. Kb3 Qa5 0-1

[Event "Reykjavik op"]
[Site "Reykjavik"]
[Date "2023.04.01"]
[Round "6"]
[White "Mohota, Nisha"]
[Black "Hauksson, Helgi"]
[Result "1/2-1/2"]
[WhiteElo "2177"]
[BlackElo "1637"]
[PlyCount "92"]
[EventDate "2023.03.29"]
[EventType "swiss"]
[EventRounds "9"]
[EventCountry "ISL"]
[SourceTitle "CBM 213 Extra"]
[Source "ChessBase"]
[SourceDate "2023.05.31"]
[SourceVersion "1"]
[SourceVersionDate "2023.05.31"]
[SourceQuality "1"]

1. d4 Nf6 2. c4 d6 3. Nf3 g6 4. Nc3 Bg7 5. e4 0-0 6. Be2 Nc6 7. d5 Ne5 8. Nxe5 dxe5 9. h4 h5 10. Bg5 c6 11. Qd2 cxd5 12. cxd5 Re8 13. f3 Qa5 14. 0-0-0 Bd7 15. Kb1 Rac8 16. Rc1 Rc7 17. g4 Rec8 18. gxh5 Nxh5 19. Bxe7 Ng3 20. Rhg1 Nxe2 21. Qxe2 Qb6 22. Rge1 Rxc3 23. Rxc3 Rxc3 24. Bd8 Qb4 25. Be7 Qxe7 26. bxc3 Qxh4 27. d6 Qd8 28. Qd3 Qa5 29. Rd1 Bf6 30. Ka1 Bd8 31. Kb2 Be6 32. c4 Qa4 33. Qb3 Qc6 34. Qb5 Qxc4 35. Qe8+ Kg7 36. Qxd8 Qxa2+ 37. Kc3 Qb3+ 38. Kd2 Qxf3 39. Qh4 Bg4 40. Rh1 Qe2+ 41. Kc3 Qe3+ 42. Kb2 Qd4+ 43. Kc1 Qe3+ 44. Kb1 Qb3+ 45. Kc1 Qa3+ 46. Kb1 Qb3+ 1/2-1/2

[Event "Reykjavik op"]
[Site "Reykjavik"]
[Date "2023.03.30"]
[Round "3"]
[White "Mensing, Adrian"]
[Black "Mohota, Nisha"]
[Result "0-1"]
[WhiteElo "2005"]
[BlackElo "2177"]
[PlyCount "116"]
[EventDate "2023.03.29"]
[EventType "swiss"]
[EventRounds "9"]
[EventCountry "ISL"]
[SourceTitle "CBM 213 Extra"]
[Source "ChessBase"]
[SourceDate "2023.05.31"]
[SourceVersion "1"]
[SourceVersionDate "2023.05.31"]
[SourceQuality "1"]

1. d4 Nf6 2. c4 e6 3. g3 d5 4. Bg2 Be7 5. Nf3 0-0 6. 0-0 dxc4 7. Qc2 c6 8. Qxc4 b5 9. Qb3 Bb7 10. Be3 Nbd7 11. Nbd2 Nd5 12. Ne4 Nxe3 13. Qxe3 Qb6 14. Rfc1 a5 15. Nc5 Nxc5 16. dxc5 Qc7 17. Qf4 Rac8 18. e4 Qxf4 19. gxf4 Rcd8 20. a4 b4 21. Ne5 Ba8 22. Rd1 Rxd1+ 23. Rxd1 f6 24. Nd7 Rd8 25. Bh3 Kf7 26. f5 e5 27. Bg4 Bb7 28. Bh5+ g6 29. fxg6+ hxg6 30. Be2 Kg7 31. Kg2 Bc8 32. Nb6 Rxd1 33. Bxd1 Be6 34. Be2 Bb3 35. Bc4 Bc2 36. Kf3 Bxc5 37. Na8 Bd1+ 38. Kg3 Bxa4 39. Nc7 Bb6 40. Ne8+ Kh6 41. Nxf6 Bd4 42. b3 Bb5 43. Ng4+ Kg7 44. Be6 a4 45. bxa4 Bxa4 46. f4 b3 47. fxe5 b2 48. Ba2 Bc2 49. Kf4 b1Q 50. Bxb1 Bxb1 51. Nf6 Kf7 52. h4 Ke6 53. Nh7 Bxe5+ 54. Ke3 c5 55. Nf8+ Kf7 56. Nd7 Bd4+ 57. Kf4 c4 58. e5 c3 0-1

[Event "Reykjavik op"]
[Site "Reykjavik"]
[Date "2023.03.30"]
[Round "2"]
[White "Mohota, Nisha"]
[Black "Finnsson, Johann Arnar"]
[Result "1-0"]
[WhiteElo "2177"]
[BlackElo "1874"]
[PlyCount "55"]
[EventDate "2023.03.29"]
[EventType "swiss"]
[EventRounds "9"]
[EventCountry "ISL"]
[SourceTitle "CBM 213 Extra"]
[Source "ChessBase"]
[SourceDate "2023.05.31"]
[SourceVersion "1"]
[SourceVersionDate "2023.05.31"]
[SourceQuality "1"]

1. d4 d5 2. c4 e6 3. Nc3 Nf6 4. cxd5 exd5 5. Bg5 Nbd7 6. e3 Be7 7. Qc2 c6 8. Bd3 0-0 9. Nge2 Re8 10. 0-0 h6 11. Bf4 Nh5 12. Nxd5 Nxf4 13. Nxe7+ Qxe7 14. Nxf4 Nf6 15. Rac1 Be6 16. a3 Rad8 17. Qc5 Qc7 18. Qxa7 Ra8 19. Nxe6 fxe6 20. Qc5 Ra5 21. Qc2 Rh5 22. g3 Ra8 23. Be2 Rg5 24. f4 Rga5 25. Qb3 Re8 26. Bc4 Kh8 27. Bxe6 Rb5 28. Qxb5 1-0

[Event "Titled Tuesday intern op 10th Jan Early"]
[Site "Chess.com INT"]
[Date "2023.01.10"]
[Round "2"]
[White "Mohota, Nisha"]
[Black "Arencibia Monduy, Antonio"]
[Result "1/2-1/2"]
[WhiteElo "2197"]
[BlackElo "2134"]
[PlyCount "182"]
[EventDate "2023.01.10"]
[EventType "swiss (blitz)"]
[EventRounds "11"]
[EventCountry "USA"]
[SourceTitle "EXT 2024"]
[Source "ChessBase"]
[SourceDate "2023.10.10"]
[SourceVersion "1"]
[SourceVersionDate "2023.10.10"]
[SourceQuality "1"]

1. e4 c5 2. c3 d6 3. d4 cxd4 4. cxd4 Nf6 5. Nc3 a6 6. h3 e6 7. Nf3 Be7 8. Bd3 0-0 9. 0-0 Nc6 10. Be3 b5 11. a3 Bb7 12. Rc1 Rc8 13. Bb1 Na5 14. Nd2 e5 15. d5 Nd7 16. f4 exf4 17. Bxf4 Bg5 18. Qg4 Bxf4 19. Rxf4 Ne5 20. Qg3 Qb6+ 21. Kh2 b4 22. axb4 Qxb4 23. Nf3 Qxb2 24. Rc2 Qa1 25. Nxe5 dxe5 26. Rg4 g6 27. Qxe5 Nc4 28. Qd4 Na3 29. Rc1 Nxb1 30. Rxb1 Qxc3 31. Qxc3 Rxc3 32. Rxb7 f5 33. exf5 Rxf5 34. d6 Rd3 35. d7 Rfd5 36. Ra7 Rxd7 37. Rxa6 R3d6 38. Rxd6 Rxd6 39. h4 Kg7 40. Ra4 Rd3 41. g3 h5 42. Ra7+ Kf6 43. Ra5 Rc3 44. Kg2 Rc2+ 45. Kh3 Rc3 46. Rb5 Re3 47. Ra5 Re5 48. Ra6+ Kf5 49. Ra7 Rc5 50. Ra6 Rb5 51. Rc6 Ra5 52. Rb6 Ra1 53. Rc6 Rh1+ 54. Kg2 Re1 55. Rc5+ Kf6 56. Rg5 Re2+ 57. Kf3 Ra2 58. Ke3 Ra3+ 59. Kf2 Rb3 60. Kg2 Rb2+ 61. Kf3 Rb1 62. Kf2 Rb7 63. Kf3 Rc7 64. Kf2 Rc3 65. Kg2 Re3 66. Kf2 Re8 67. Ra5 Rd8 68. Ra6+ Kg7 69. Ra5 Kh6 70. Ra6 Rg8 71. Rb6 Rc8 72. Ra6 Rc2+ 73. Kf3 Rc3+ 74. Kf4 Rc4+ 75. Kf3 Rg4 76. Kf2 Rc4 77. Kf3 Kg7 78. Kf2 Rc7 79. Kf3 Rf7+ 80. Kg2 Rf5 81. Ra7+ Kh6 82. Ra6 Rd5 83. Rb6 Re5 84. Ra6 Kg7 85. Rb6 Rf5 86. Ra6 Rc5 87. Rb6 Rc2+ 88. Kf3 Rc3+ 89. Kf2 Rc7 90. Kf3 Rf7+ 91. Kg2 Rf5 1/2-1/2

[Event "IND-ch (Women) 48th"]
[Site "Hatkanangale"]
[Date "2022.12.30"]
[Round "5"]
[White "Mohota, Nisha"]
[Black "Divyabharathi, Masanam"]
[Result "1-0"]
[WhiteElo "2197"]
[BlackElo "1710"]
[PlyCount "91"]
[EventDate "2022.12.26"]
[EventType "swiss"]
[EventRounds "11"]
[EventCountry "IND"]
[SourceTitle "CBM 212 Extra"]
[Source "ChessBase"]
[SourceDate "2023.03.31"]
[SourceVersion "1"]
[SourceVersionDate "2023.03.31"]
[SourceQuality "1"]

1. e4 e5 2. Nf3 Nc6 3. Nc3 Nf6 4. d4 exd4 5. Nxd4 Bb4 6. Nxc6 bxc6 7. Bd3 0-0 8. 0-0 d5 9. exd5 cxd5 10. Bg5 Bxc3 11. bxc3 h6 12. Bh4 Qd6 13. Rb1 Bg4 14. f3 Bh5 15. Bf2 Nd7 16. c4 dxc4 17. Bxc4 Bg6 18. Qc1 Nb6 19. Bb5 c6 20. Rd1 Qe6 21. Re1 Qxa2 22. Bxc6 Rac8 23. Rb2 Qc4 24. Bb5 Qc7 25. Ba6 Rce8 26. c4 Rxe1+ 27. Qxe1 Rd8 28. Rd2 Rxd2 29. Qxd2 Bf5 30. c5 Nd7 31. Qb4 Nb8 32. Bb5 Qc8 33. Qa4 a6 34. Bf1 Bd7 35. Qa5 Bc6 36. Bd4 Bd5 37. Qc3 f6 38. Bf2 Kf7 39. Qa5 Bb7 40. Bc4+ Ke7 41. Bg3 Bc6 42. Bd6+ Kd7 43. Qe1 Qb7 44. Qe7+ Kc8 45. Be6+ Bd7 46. Qe8# 1-0

[Event "IND-ch (Women) 48th"]
[Site "Hatkanangale"]
[Date "2022.12.28"]
[Round "3"]
[White "Mohota, Nisha"]
[Black "Bristy, Mukherjee"]
[Result "0-1"]
[WhiteElo "2197"]
[BlackElo "1817"]
[PlyCount "86"]
[EventDate "2022.12.26"]
[EventType "swiss"]
[EventRounds "11"]
[EventCountry "IND"]
[SourceTitle "CBM 212 Extra"]
[Source "ChessBase"]
[SourceDate "2023.03.31"]
[SourceVersion "1"]
[SourceVersionDate "2023.03.31"]
[SourceQuality "1"]

1. e4 b6 2. d4 Bb7 3. Bd3 e6 4. Nf3 c5 5. d5 exd5 6. exd5 Bxd5 7. Nc3 Be6 8. Bf4 Nf6 9. Nb5 d6 10. Nxd6+ Bxd6 11. Bxd6 Qxd6 12. Bb5+ Ke7 13. Qe2 Rd8 14. Ne5 a6 15. Bd3 Nc6 16. f4 c4 17. Nxc4 Qxf4 18. g3 Qc7 19. 0-0 Nd4 20. Qe5 Qxe5 21. Nxe5 Nd7 22. Nxd7 Rxd7 23. Rae1 Rc8 24. c3 Nb5 25. Re3 Rcd8 26. Be2 Rd2 27. a4 Nc7 28. Bh5 g6 29. Bf3 Rxb2 30. c4 Rb4 31. Rc1 Rd4 32. c5 bxc5 33. Rxc5 Rdc4 34. Rc3 Rxc3 35. Rxc3 Rc4 36. Ra3 a5 37. Be2 Rc2 38. Bf3 Nd5 39. Ra1 Nc3 40. h4 Ne2+ 41. Bxe2 Rxe2 42. Rb1 Ra2 43. Rb7+ Kf6 0-1

[Event "IND-ch (Women) 48th"]
[Site "Hatkanangale"]
[Date "2022.12.26"]
[Round "1"]
[White "Mohota, Nisha"]
[Black "Nivedita, VC."]
[Result "1-0"]
[WhiteElo "2197"]
[BlackElo "1531"]
[PlyCount "49"]
[EventDate "2022.12.26"]
[EventType "swiss"]
[EventRounds "11"]
[EventCountry "IND"]
[SourceTitle "CBM 212 Extra"]
[Source "ChessBase"]
[SourceDate "2023.03.31"]
[SourceVersion "1"]
[SourceVersionDate "2023.03.31"]
[SourceQuality "1"]

1. Nf3 Nf6 2. e3 e6 3. c4 b6 4. b3 Bb7 5. Bb2 Be7 6. Qc2 0-0 7. Ng5 h6 8. Bxf6 hxg5 9. Bb2 f5 10. Nc3 c5 11. 0-0-0 Nc6 12. a3 Bf6 13. Be2 a6 14. Rhg1 Qc7 15. g4 Ne7 16. h4 f4 17. hxg5 Bxg5 18. Rh1 Bxh1 19. Rxh1 Qc6 20. Qh7+ Kf7 21. Ne4 Ke8 22. Nxg5 d5 23. Bxg7 Rg8 24. Bf6 Ra7 25. Qf7+ 1-0

[Event "Asian Continental op (Women) 19th"]
[Site "Delhi"]
[Date "2022.11.03"]
[Round "9"]
[White "Isha, Sharma"]
[Black "Mohota, Nisha"]
[Result "0-1"]
[WhiteElo "2234"]
[BlackElo "2181"]
[PlyCount "64"]
[EventDate "2022.10.26"]
[EventType "swiss"]
[EventRounds "9"]
[EventCountry "IND"]
[SourceTitle "EXT 2024"]
[Source "ChessBase"]
[SourceDate "2023.10.10"]
[SourceVersion "1"]
[SourceVersionDate "2023.10.10"]
[SourceQuality "1"]

1. e4 e5 2. Nf3 Nc6 3. Bb5 a6 4. Ba4 Nf6 5. 0-0 Be7 6. Re1 b5 7. Bb3 0-0 8. h3 Bb7 9. c3 d5 10. d3 dxe4 11. dxe4 Qxd1 12. Bxd1 Rfd8 13. Bc2 Nd7 14. Nbd2 Nc5 15. Re3 a5 16. Nf1 a4 17. Bd2 f6 18. Ree1 Na5 19. Rab1 Nc4 20. Bc1 Nd3 21. Bxd3 Rxd3 22. Ng3 Bc5 23. Kf1 b4 24. Be3 Nxe3+ 25. fxe3 Bxe3 26. cxb4 Ba6 27. Ne2 Rad8 28. a3 Bb6 29. Rbc1 Re3 30. Rc3 Rxe2 31. Rxe2 Rd1+ 32. Ne1 Rd2 0-1